<?xml version="1.0" encoding="UTF-8"?>
<marc:record xmlns:marc="http://www.loc.gov/MARC21/slim">
   <marc:leader>00000nam a2200000 a 4500</marc:leader>
   <marc:datafield ind1=" " ind2=" " tag="653">
      <marc:subfield code="a">Erde</marc:subfield>
   </marc:datafield>
   <marc:datafield ind1=" " ind2=" " tag="653">
      <marc:subfield code="a">Geographie</marc:subfield>
   </marc:datafield>
   <marc:datafield ind1=" " ind2=" " tag="653">
      <marc:subfield code="a">Kindersachbuch</marc:subfield>
   </marc:datafield>
   <marc:datafield ind1="0" ind2="0" tag="245">
      <marc:subfield code="a">Die Erde</marc:subfield>
   </marc:datafield>
   <marc:datafield ind1=" " ind2="1" tag="264">
      <marc:subfield code="a">Mannheim</marc:subfield>
      <marc:subfield code="b">Bibliogr. Inst.</marc:subfield>
      <marc:subfield code="c">1997</marc:subfield>
   </marc:datafield>
   <marc:datafield ind1="1" ind2=" " tag="490">
      <marc:subfield code="a">Meyers kleine Kinderbibliothek</marc:subfield>
   </marc:datafield>
   <marc:datafield ind1="1" ind2=" " tag="520">
      <marc:subfield code="a">Quelle: bn.bibliotheksnachrichten (http://www.biblio.at/literatur/bn/index.html); &#xD;
Autor: Gregor Savel; &#xD;
Ein weiterer Band dieser ansprechend gestalteten Serie zum Thema Erde. (ab 4) (JV)&#xD;
&#xD;
Dies ist bereits der 50. Band der "kleinen Kinderbibliothek" der nun das Thema "Erde" zum Inhalt hat. Natürlich kann in dieser knappen Form von nur wenigen Seiten ein sehr begrenzter Einblick in ein so komplexes Thema gegeben werden, der nur eine erste Auseinandersetzung sein kann. Zwar finden wir auch hier in bewährter Form aufwendige Illustrationen neben transparenten Seiten, die Szenerien verwandeln können, doch wird vieles nur gestreift oder gar nicht erwähnt. Eine Erweiterung des Umfangs wäre sicher angebracht gewesen, um in ein so umfassendes Thema einführen zu können. Trotzdem kann es ein erster empfehlenswerter Anstoß sein, der für Kinder ab 4 Jahren interessant ist.</marc:subfield>
   </marc:datafield>
   <marc:datafield ind1=" " ind2=" " tag="020">
      <marc:subfield code="a">9783411097715</marc:subfield>
      <marc:subfield code="9">9783411097715</marc:subfield>
   </marc:datafield>
   <marc:datafield ind1=" " ind2=" " tag="020">
      <marc:subfield code="a">341109771x</marc:subfield>
      <marc:subfield code="9">341109771x</marc:subfield>
   </marc:datafield>
   <marc:datafield ind1=" " ind2=" " tag="041">
      <marc:subfield code="a">ger</marc:subfield>
   </marc:datafield>
   <marc:datafield ind1=" " ind2=" " tag="300">
      <marc:subfield code="b">überw. Ill.</marc:subfield>
   </marc:datafield>
   <marc:datafield ind1=" " ind2=" " tag="338">
      <marc:subfield code="a">Band</marc:subfield>
   </marc:datafield>
   <marc:datafield ind1=" " ind2=" " tag="300">
      <marc:subfield code="a">[8] Bl.</marc:subfield>
   </marc:datafield>
</marc:record>
